1776 1810 1164 1199 1142 1166 1483 1259 1950 1872 1219 1436 1592 1396 1697 1723 1568 1810 1495 1161 1624 1662 1713 1961 1041 1526 1341 1779 1903 1517 1529 1072 1773 1828 1892 1906 1318 1622 1487 1693 1415 1791 1180 1689 1745 1683 1446 1369 1637 1487 1187 1042 1960 1536 1246 1977 1446 1417 1337 1710 1311 1354 1147 1977 1922 1312 1857 1614 1019 1263 1378 1928 1006 1451 1450 1425 1554 1519 1503 1485 1960 1534 1153 1633 1298 1439 1135 1500 1712 1485 1111 1925 1689 1366 1940 1617 1650 1716 1299 BCNSPRNW ULIB Ver.6.0+V

เปลี่ยนเป็นภาษาไทย

Change to English
 แสดงรายละเอียดบรรณานุกรม
  กลับหน้าหลัก

Brief Record : Get Marc (ISO 2709) : E-mail record : QR code < ปิดหน้าต่าง
LEADER : 00000nam 2200000uu 4500
001    13399120975
003     ULIB
008    020711s2548 th a 000 0 tha d
020    9749818296
090    นว.^bม452ร
100    Anthony Ramsey
245    รู้ไหมหัวใจฉัน คือเธอ
260    กรุงเทพฯ :^bแสงดาว,^c2548
300    283 หน้า
710 1  แสงดาว
945    ^p180^l0^i24564
999    ^aทศพร เกษรทอง
รายการนี้ยังไม่มีแท็ก
คุณยังไม่ได้ล็อกอิน คุณสามารถมีกิจกรรมร่วมกับเว็บไซต์ได้ แต่ต้องล็อกอินก่อน ::
  ล็อกอิน

รายการสื่อสารสนเทศ

ลำดับที่ ประเภท เลขเรียก/บาร์โค้ด สถานที่ สถานะ
1. วิทยาศาสตร์การแพทย์ และสุขภาพ
วิทยาศาสตร์การแพทย์ และสุขภาพ
นว. ม452ร  
  Barcode: 24564
ห้องสมุดวิทยาเขตสวรรค์ประชารักษ์
►หนังสือทั่วไป
บนชั้น

BibComment


ยังไม่เคยถูกคอมเมนท์

คอมเมนท์ทรัพยากรรายการนี้
  คอมเมนท์: รู้ไหมหัวใจฉัน คื..


 Copyright 2026. Bcnsprnw @Library